000 00618nam a2200181Ia 4500
008 191130s2006##################000#0#eng##
020 _a9781403996367
040 _aACL
_cACL
082 _a338.6048 LOP
245 _aThe global competitiveness report 2006-2007
_cedited by Michael E. Porter, Klaus Schwab and Augusto López-Claros
260 _aBasingstoke, Hampshire
_bPalgrave Macmillan
_c2006
300 _axxviii, 570 p. : ill. ; 28 cm
650 _aEconomic development -- Statistics
700 _aLópez-Claros., Augusto
990 _ac07261b7ac10000c0aa384d0df9eb99f
991 _a356588
999 _c50730
_d50730